Избухливото дете (Запис номер 184135)
[ съкратено ]
| 000 -Лидер | |
|---|---|
| Контролно поле с фиксирана дължина | 02585nam a2200469 c 4500 |
| 003 - Код на организацията, давaща контролен номер | |
| Контролно поле | BLK |
| 005 - Дата и час на последна редакция | |
| Контролно поле | 20250603113925.0 |
| 008 - Елементи от данни с фиксирана дължина | |
| fixed length control field | 180411b bul|||||r ||||||| ||bul|| |
| 010 ## - Наследен системен номер | |
| LC control number | KNG00193087000 |
| 020 ## - Международен стандартен номер на книга ISBN | |
| Международен стандартен номер на книга ISBN | 978-954-26-1580-4 |
| 040 ## - Източник на каталожния запис | |
| Идентификатор на билиотеката - собственик на записа | BLK |
| 041 ## - Код за език | |
| Код за езика на текст/звукозапис или на отделно заглавие | Български |
| Код за езика КДБФ | Български |
| 072 #7 - Код за тематичната категория | |
| Код организация | bullib |
| Код за тематична категория | Н15 |
| Текст | Психология Н |
| 080 ## - УДК | |
| Текстов определител УДК | Психология на детската и юношеска възраст |
| УДК код - определител по УДК | 159.922.7/.8 |
| УДК определител | (02.062) |
| УДК - код + определител | 159.922.7/.8(02.062) |
| 080 ## - УДК | |
| Текстов определител УДК | Възпитаване на лица, трудни за възпитаване - Възпитание на ранно развити деца, на високо надарени, разглезени, принудително възпитания на младежи, подлежащи на наказание. Вж и 343.81;343.8 |
| УДК код - определител по УДК | 376.5 |
| УДК определител | (02.062) |
| УДК - код + определител | 376.5(02.062) |
| 080 ## - УДК | |
| Текстов определител УДК | Възпитание у дома. Семейно възпитание |
| УДК код - определител по УДК | 37.018.1 |
| УДК определител | (02.062) |
| УДК - код + определител | 37.018.1(02.062) |
| 080 ## - УДК | |
| Текстов определител УДК | Отбягване. Неприятелство. Агресия. Насилие |
| УДК код - определител по УДК | 316.647.3 |
| УДК определител | -053.5/.6 |
| УДК - код + определител | 316.647.3-053.5/.6 |
| 100 1# - Редна дума - Автор | |
| Автор | Грийн, Рос |
| Авторска отговорност | първи автор |
| R(LIN) | 343424 |
| 139 ## - Редно поле | |
| Редна дума | Грийн, Рос |
| Авторски знак | Григ - Г 82 |
| 245 10 - Сведения за заглавието | |
| Заглавие | Избухливото дете |
| Подзаглавни данни | Нов възпитателен подход към непокорните и раздразнителни деца |
| Редно поле (дума) | Рос Грийн; прев. от англ. Евелина Огнянова Андонова. |
| 257 ## - Страна на издаване | |
| Страна на създаване/издаване | Съединени американски щати |
| 260 ## - Област на издателските данни | |
| Място на издаване, разпространение и проч. | Пловдив |
| Име на издателя, разпространителя и проч. | Хермес |
| Година на издаване | 2016 |
| Печатница | София : Алианс принт |
| 300 ## - Физическа характеристика | |
| Страници | 256 с. |
| Размери/Мащаб | 20 см |
| 380 ## - Жанр | |
| Жанр | Обществени науки |
| 490 ## - СЕРИИ (Колекции) | |
| Име на серия | Психология за всеки ден |
| 500 ## - Общи забележки | |
| Забележка | Ориг. загл. The Explosive Child / Ross W. Greene. - За автора. - Библиогр. с. 253-254. |
| 650 #4 - Допълнително описание по предмет – тема | |
| Основно описание – тема или топоним | Детска и педагогическа психология - популярна литература |
| 9 (RLIN) | 291999 |
| 650 #4 - Допълнително описание по предмет – тема | |
| Основно описание – тема или топоним | Семейно възпитание |
| 9 (RLIN) | 263959 |
| 650 #4 - Допълнително описание по предмет – тема | |
| Основно описание – тема или топоним | Агресия - при децата |
| 9 (RLIN) | 259475 |
| 653 ## - Ключова дума – ненормативна | |
| Ключова дума | детска психология |
| 653 ## - Ключова дума – ненормативна | |
| Ключова дума | семейно възпитание |
| 653 ## - Ключова дума – ненормативна | |
| Ключова дума | педагогическа психология |
| 659 ## - Тематичен бюлетин | |
| Тематичен бюлетин | Н |
| 700 ## - Други автори (авторска отговорност) | |
| Лично име | Андонова, Евелина Огнянова |
| 9 (RLIN) | 303278 |
| 852 ## - Местоположение | |
| Форматна сигнатура | Цб 282722 |
| 856 4# - Електронен адрес и достъп | |
| Електронен формат | pdf - файл |
| 856 4# - Електронен адрес и достъп | |
| Електронен формат | pdf - файл |
| 942 ## - АРТИКУЛИ | |
| Вид на библиотечния материал | Книги |
| Скрит в OPAC | Не |
| Koha issues (borrowed), all copies | 15 |
| 944 ## - СЪЗДАВАНЕ И РЕДАКЦИЯ на ЗАПИСА | |
| Създаване/Редакция | Създаване |
| Дата на регистрацията/редакция | 14.10.2016 |
| Статус, дата на статуса | Минев Младен |
| Служител, извършил регистрацията/редакцията | 30530 |
| 944 ## - СЪЗДАВАНЕ И РЕДАКЦИЯ на ЗАПИСА | |
| Създаване/Редакция | Редакция |
| Дата на регистрацията/редакция | 05.04.2017 |
| Статус, дата на статуса | ф / |
| Служител, извършил регистрацията/редакцията | Пенка_Димитрова |
| 999 ## - СИСТЕМНИ КОНТРОЛНИ НОМЕРА | |
| Koha biblionumber | 184135 |
| Koha biblioitemnumber | 184135 |
| 999 ## - СИСТЕМНИ КОНТРОЛНИ НОМЕРА | |
| Koha biblioitemnumber | 184135 |
| Код за отписване | Код за изгубен артикул | Източник на класификационната схема | Код за повреда | Коз за рестрикции | Код за отдаване | Артикулен № | Име на библиотеката - собственик | Име на библиотеката, в която се намира в момента | Статус (Текущо местоположение) | Дата на вписване в системата | Местоположение - отдел | Цена в лева | Инвентарен номер | Систематично азбучна сигнатура | Баркод | Номер на екземпляра | Цена в евро | Служебна бележка | Служебен тип на артикула |
|---|---|---|---|---|---|---|---|---|---|---|---|---|---|---|---|---|---|---|---|
| Не е изгубен | Universal Decimal Classification | Не е повреден | без рестрикции | заемане за дома | 317994 | Регионална библиотека "Любен Каравелов" Русе | Регионална библиотека "Любен Каравелов" Русе | Заемна - подръчен фонд | 2016-10-14 | Заемна - подръчен фонд | 10.46 | 120000804767 | П 159.922.7/Г 82 Р | 120000804767 | 1 | 5.35 | Дост: Pk Вид: Ф N: 735 Дата: 12.10.2016 | Книги | |
| Не е изгубен | Не е повреден | без рестрикции | ползва се в читалня | 317995 | Регионална библиотека "Любен Каравелов" Русе | Регионална библиотека "Любен Каравелов" Русе | Хранилище | 2017-04-05 | Хранилище | 13.95 | 120000809819 | Цб 282722 | 120000809819 | 2 | 7.13 | Дост: Dp Вид: Д N: 10 Дата: 20.02.2017 | Книги |